• 首页
  • 本馆介绍
  • 公告通知
  • 最新文献
  • 馆藏检索
  • 电子资源
  • 读者导购
  • 参考咨询
  • 我的图书馆
  • 登录
  • 详细信息显示
  • 放入我的书架
  • 预约/预借图书
  • 作者相关作品
  • 分类相关作品
  • 丛书相关作品
  • 出版社相关作品

书目信息

  • 表格格式
  • 工作单格式
  • 卡片格式
题名:
诗学生成比较研究
    
 
作者: 侯洪 著
分册:  
出版信息: 北京   中国书籍出版社  2020
页数: 400页
开本: 25cm
丛书名: 中国书籍学术之光文库
单 册:
中图分类: I207.22 , I565.072
科图分类:
主题词: 诗歌研究--对比研究--近现代
电子资源:
ISBN: 978-7-5068-7819-7
000 01493oam2 2200289 450
001 2373452280
005 20231120202544.06
010    @a978-7-5068-7819-7@b精装@dCNY99.00
100    @a20200713d2020 em y0chiy50 ea
101 0  @achi
102    @aCN@b110000
105    @ay az 000yy
200 1  @a诗学生成比较研究@Ashi xue sheng cheng bi jiao yan jiu@e以中法近现代诗学为视角@f侯洪著
210    @a北京@c中国书籍出版社@d2020
215    @a400页@d25cm
225 2  @a中国书籍学术之光文库
300    @a国家社科基金“十五”规划一般项目课题成果
320    @a有书目(第379-397页)
330    @a这是新中国第一部对中法近现代诗学做整体性比较研究的学术性专著,它采用多视域的文化诗学研究范式,史论结合,点面兼顾,对中法近现代诗学生成与发展从文本内到文本外,予以立体式观照和探寻。本书强调文学及诗学生成离不开民族国家这一现代性追求的大背景,展示和论述了中法近现代诗学演进与追求的特质以及存在着一种异质性同构的关联和位相差异,并且还聚焦于主体性与中法诗学生成的多维空间,深描和发现了长期被忽视的两国诗学现代性生成及其文学与艺术之跨界与融合以及审美经验的内在相似性与个性特征,体现出比较文学研究的对话性特质,突破了传统研究的单一模式,给中法比较诗学研究带来了新气象,具有积极的理论意义和现实意义。
410  0 @12001 @a中国书籍学术之光文库
517 1  @a以中法近现代诗学为视角@Ayi zhong fa jin xian dai shi xue wei shi jiao
606 0  @a诗歌研究@x对比研究@z近现代
690    @aI207.22@v5
690    @aI565.072@v5
701  0 @a侯洪@Ahou hong@4著
801  0 @aCN@b91MARC@c20200713
905    @aBZT@dI207.22@e125
    
    诗学生成比较研究:以中法近现代诗学为视角/侯洪著.-北京:中国书籍出版社,2020
    400页;25cm.-(中国书籍学术之光文库)
    国家社科基金“十五”规划一般项目课题成果
    
    ISBN 978-7-5068-7819-7(精装):CNY99.00
    这是新中国第一部对中法近现代诗学做整体性比较研究的学术性专著,它采用多视域的文化诗学研究范式,史论结合,点面兼顾,对中法近现代诗学生成与发展从文本内到文本外,予以立体式观照和探寻。本书强调文学及诗学生成离不开民族国家这一现代性追求的大背景,展示和论述了中法近现代诗学演进与追求的特质以及存在着一种异质性同构的关联和位相差异,并且还聚焦于主体性与中法诗学生成的多维空间,深描和发现了长期被忽视的两国诗学现代性生成及其文学与艺术之跨界与融合以及审美经验的内在相似性与个性特征,体现出比较文学研究的对话性特质,突破了传统研究的单一模式,给中法比较诗学研究带来了新气象,具有积极的理论意义和现实意义。
●
相关链接 在五车中查询图书 在当当中查询图书 在豆瓣中查询图书


正题名:诗学生成比较研究     索取号:I207.22/125         预约/预借

序号 登录号 条形码 馆藏地/架位号 状态 备注
1 2000987598   2000987598   中教第一批/山东中教(第一批)/316/ [索取号:I207.22/125] 在馆    
2 2000987599   2000987599   中教第一批/山东中教(第一批)/316/ [索取号:I207.22/125] 在馆    
3 2000987600   2000987600   中教第一批/山东中教(第一批)/316/ [索取号:I207.22/125] 在馆    
4 2000987601   2000987601   中教第一批/山东中教(第一批)/316/ [索取号:I207.22/125] 在馆    
5 2000987602   2000987602   中教第一批/山东中教(第一批)/316/ [索取号:I207.22/125] 在馆    
6 2000987603   2000987603   中教第一批/山东中教(第一批)/316/ [索取号:I207.22/125] 在馆    
山东省滨州职业学院图书馆 欢迎您!
大连网信软件有限公司© 版权所有